LEADER 01257nam--2200409---450- 001 990000725620203316 005 20050701113425.0 010 $a88-384-2287-7 035 $a0072562 035 $aUSA010072562 035 $a(ALEPH)000072562USA01 035 $a0072562 100 $a20011108d1995----km-y0itay0103----ba 101 $aita 102 $aIT 105 $a||||||||001yy 200 1 $aInchiesta sull'esistenza degli angeli custodi$fPierre Jovanovic$g[traduzione a cura di Gioia Guerzoni] 210 $aCasale Monferrato$cPiemme$d1995 215 $a367 p$d23 cm 312 $aEnquête sur l'existence des anges gardiens 410 $12001 454 $12001$aEnquête sur l'existence des anges gardiens$937236 606 0 $aAngeli 676 $a235.3 700 1$aJOVANOVIC,$bPierre$0549549 702 1$aGUERZONI,$bGioia 801 0$aIT$bsalbc$gISBD 912 $a990000725620203316 951 $aII.5. 3070(XV H 9)$b121187 LM$cXV H 959 $aBK 969 $aUMA 979 $aPATTY$b90$c20011108$lUSA01$h1711 979 $c20020403$lUSA01$h1721 979 $aPATRY$b90$c20040406$lUSA01$h1650 979 $aCOPAT7$b90$c20050701$lUSA01$h1134 996 $aEnquête sur l'existence des anges gardiens$937236 997 $aUNISA LEADER 01004nam a2200253 a 4500 001 991003900599707536 008 020 $a9788874668120 035 $ab1440610x-39ule_inst 040 $aDip.to di Storia, Società e Studi sull'Uomo$bita 082 0 $a618.45 100 1 $aCastagneri, Michela 245 10$aNel dolore del parto /$cMichela Castagneri, Anita Regalia, Giovanna Bestetti 260 $aRoma :$bCarocci Faber,$c2019 300 $a155 p. :$bill. ;$c20 cm 490 0 $aTascabili ;$v186 650 4$aParto$xAssistenza 700 $aBestetti, Giovanna$eauthor$4http://id.loc.gov/vocabulary/relators/aut 700 1 $aRegalia, Anita$eauthor$4http://id.loc.gov/vocabulary/relators/aut 907 $a.b1440610x$b09-12-20$c23-11-20 912 $a991003900599707536 945 $aLE023 618.45 CAS 1 1$g1$i2023000188484$lle023$op$pE15.00$q-$rl$s- $t0$u0$v0$w0$x0$y.i15943094$z03-12-20 997 $aUNISALENTO 998 $ale023$b23-11-20$cm$da $e-$fita$git $h0$i0